Paesi membri del BRICS - Statistics

Statistiche generali
  • Questo quiz è stato fatto 71 volte
  • Il punteggio medio è 5 su 5
Statistiche sulle risposte
NAZIONI % Corretto
India
100%
Brasile
99%
Cina
97%
Russia
97%
Sudafrica
90%
Nessun quiz corrispondente trovato
Distribuzione punteggi
Percentuale di utenti per punteggio
Percentile per numero di risposta
I tuoi punteggi nel tempo
Non hai fatto questo quiz